000 00959nam a2200265 i 4500
001 bg
100 1 _aGUNNING, James Patrick
245 1 0 _aZrozumieć demokrację :
_bwprowadzenie do teorii wyboru publicznego /
_cJames Patrick Gunning ; Wyższa Szkoła Bankowości, Finanasów i Zarządzania im. prof. Romualda Kudlińskiego.
260 _aWarszawa :
_bWSBFiZ,
_c2001.
300 _a427, [1] s. :
_bwykr. ;
_c24 cm.
504 _aBibliogr.
650 9 _aDemokracja
651 9 _aEuropa Zachodnia
_xustrój
651 9 _aStany Zjednoczone
_xustrój
655 _aPodręczniki akademickie
710 _aWyższa Szkoła Bankowości, Finanasów i Zarządzania (Warszawa)
020 _a8387970034
040 _cBPK
041 1 _apl
_hen
080 _a321.7:328](4-15+73)(075.8)
920 _a83-87970-03-4
942 _cKS
008 s pl f |000 0 pol
999 _c41077
_d41077
856 _uhttp://koha.tu.koszalin.pl/cgi-bin/koha/opac-detail.pl?biblionumber=41077
_yKatalog online BPK